[Event "CZE-chT2B 1718"]
[Site "Czech Republic"]
[Date "2018.01.28"]
[Round "7.4"]
[White "Liska, Jiri2222"]
[Black "Hadraba, Vladimir"]
[Result "1-0"]
[WhiteElo "2241"]
[BlackElo "2191"]
[PlyCount "49"]
[EventDate "2017.10.15"]
[EventType "team-tourn"]
[EventRounds "11"]
[EventCountry "CZE"]
[SourceTitle "EXT 2022"]
[Source "ChessBase"]
[SourceDate "2021.10.06"]
[SourceVersion "1"]
[SourceVersionDate "2021.10.06"]
[SourceQuality "1"]
[WhiteTeam "Turnov Zikuda II"]
[BlackTeam "Teplice"]
[WhiteTeamCountry "CZE"]
[BlackTeamCountry "CZE"]

1. Nf3 Nf6 2. c4 g6 3. g3 Bg7 4. Bg2 c6 5. 0-0 0-0 6. d4 d6 7. Nc3 Bf5 8. Re1 Ne4 9. Nxe4 Bxe4 10. Bh3 Bxf3 11. exf3 e6 12. d5 exd5 13. cxd5 c5 14. Qb3 Qc7 15. Bg5 f6 16. Bf4 Nd7 17. Re7 f5 18. Rae1 Rf7 19. R1e6 Rxe7 20. Bxd6 Rxe6 21. Bxc7 Re1+ 22. Bf1 Rae8 23. d6+ Kf8 24. Kg2 Rb1 25. Qb5 1-0

[Event "CZE-chT2B 1718"]
[Site "Czech Republic"]
[Date "2017.12.03"]
[Round "4.4"]
[White "Hadraba, Vladimir"]
[Black "Brejnik, Gustav"]
[Result "1-0"]
[WhiteElo "2191"]
[BlackElo "2050"]
[PlyCount "121"]
[EventDate "2017.10.15"]
[EventType "team-tourn"]
[EventRounds "11"]
[EventCountry "CZE"]
[SourceTitle "EXT 2022"]
[Source "ChessBase"]
[SourceDate "2021.10.06"]
[SourceVersion "1"]
[SourceVersionDate "2021.10.06"]
[SourceQuality "1"]
[WhiteTeam "Teplice"]
[BlackTeam "Litomerice"]
[WhiteTeamCountry "CZE"]
[BlackTeamCountry "CZE"]

1. e4 d5 2. exd5 Qxd5 3. Nc3 Qd6 4. d4 Nf6 5. Be2 a6 6. Nf3 Nc6 7. Be3 Bg4 8. Qd2 e6 9. h3 Bh5 10. 0-0 h6 11. Rad1 Rd8 12. a3 Be7 13. Bf4 Qd7 14. Qe3 Nd5 15. Nxd5 exd5 16. Ne5 Nxe5 17. Bxh5 Nc4 18. Qg3 0-0 19. Bxh6 Bf6 20. Bc1 Qf5 21. Bg4 Qxc2 22. Qxc7 Ne3 23. Qxc2 Nxc2 24. Be3 Rfe8 25. Rd3 g6 26. Rfd1 Re7 27. R1d2 Nxe3 28. Rxe3 Rxe3 29. fxe3 Rd6 30. Rc2 Kg7 31. Kf2 a5 32. Rc5 Rb6 33. Rc2 Rd6 34. Bf3 b6 35. b4 axb4 36. axb4 Bg5 37. b5 Kf6 38. Rc6 Ke6 39. g4 Bh4+ 40. Ke2 Bg3 41. Kd3 Rxc6 42. bxc6 Kd6 43. c7 Kxc7 44. Bxd5 f6 45. g5 fxg5 46. Bf7 Kd6 47. Bxg6 Ke6 48. Be8 Bh2 49. Ba4 Kd6 50. Bb3 Ke7 51. e4 Kd6 52. Ke2 Bf4 53. Kf3 Bd2 54. e5+ Ke7 55. Ke4 b5 56. d5 Bc3 57. d6+ Kd7 58. Kd5 Bb4 59. Bd1 Ba3 60. e6+ Ke8 61. Bh5+ 1-0

[Event "CZE-chT2B 1718"]
[Site "Czech Republic"]
[Date "2017.11.05"]
[Round "2.3"]
[White "Jandourek, Lukas"]
[Black "Hadraba, Vladimir"]
[Result "1/2-1/2"]
[WhiteElo "2246"]
[BlackElo "2191"]
[PlyCount "75"]
[EventDate "2017.10.15"]
[EventType "team-tourn"]
[EventRounds "11"]
[EventCountry "CZE"]
[SourceTitle "EXT 2022"]
[Source "ChessBase"]
[SourceDate "2021.10.06"]
[SourceVersion "1"]
[SourceVersionDate "2021.10.06"]
[SourceQuality "1"]
[WhiteTeam "Neratovice III"]
[BlackTeam "Teplice"]
[WhiteTeamCountry "CZE"]
[BlackTeamCountry "CZE"]

1. d4 Nf6 2. Bg5 e6 3. Nf3 d5 4. e3 Be7 5. c4 Nbd7 6. Nc3 c6 7. Qc2 0-0 8. Be2 dxc4 9. Bxc4 Nd5 10. Bxe7 Qxe7 11. 0-0 Nxc3 12. Qxc3 b6 13. Rfd1 Bb7 14. Be2 Rac8 15. b4 Nf6 16. Qb2 Nd5 17. a3 c5 18. bxc5 bxc5 19. Rdc1 cxd4 20. Nxd4 Nb6 21. Qb4 Qg5 22. Bf3 Bxf3 23. Nxf3 Qd5 24. h3 h6 25. e4 Qb7 26. Ne5 Rc7 27. Nd3 Rxc1+ 28. Rxc1 Rc8 29. Rxc8+ Qxc8 30. Qe7 Qd7 31. Qxd7 Nxd7 32. f4 Nf6 33. Nc5 Kf8 34. Kf2 Ke7 35. Ke3 Kd6 36. Kd4 Kc6 37. a4 Ne8 38. g4 1/2-1/2

[Event "Klatovy op-A 23rd"]
[Site "Klatovy"]
[Date "2017.07.04"]
[Round "4"]
[White "Hadraba, Vladimir"]
[Black "Kopriva, Martin"]
[Result "1-0"]
[WhiteElo "2197"]
[BlackElo "2061"]
[PlyCount "94"]
[EventDate "2017.07.01"]
[EventType "swiss"]
[EventRounds "9"]
[EventCountry "CZE"]
[SourceTitle "EXT 2018"]
[Source "ChessBase"]
[SourceDate "2017.10.13"]
[SourceVersion "1"]
[SourceVersionDate "2017.10.13"]
[SourceQuality "1"]

1. d4 g6 2. c4 Bg7 3. Nc3 d6 4. e4 Nf6 5. Nf3 0-0 6. Be2 e5 7. 0-0 Nc6 8. d5 Ne7 9. Ne1 Ne8 10. Nd3 f5 11. Bd2 Nf6 12. f3 f4 13. c5 g5 14. cxd6 cxd6 15. Nf2 h5 16. h3 Rf7 17. a4 Bf8 18. Nb5 Ng6 19. Rc1 Nh4 20. Qc2 g4 21. hxg4 hxg4 22. fxg4 Nh5 23. Nh1 Rg7 24. Qd1 Nxg2 25. Rxc8 Rxc8 26. Kxg2 Qh4 27. Bf3 Ng3 28. Rg1 Nxe4 29. Bxe4 Rxg4+ 30. Qxg4+ Qxg4+ 31. Kf1 Qxg1+ 32. Kxg1 Rc4 33. Nc3 a6 34. Nf2 Be7 35. Kg2 Bh4 36. Kf3 b5 37. axb5 axb5 38. Nxb5 Bxf2 39. Nxd6 Rd4 40. Bc3 Bg1 41. Bxd4 Bxd4 42. b3 Kf8 43. Bd3 Be3 44. Ke4 Ke7 45. Nc4 Kf6 46. Be2 Bd4 47. b4 f3 1-0

[Event "CZE-chT2B 1617"]
[Site "Czech Republic"]
[Date "2017.03.19"]
[Round "10.3"]
[White "Sochor, Jiri"]
[Black "Hadraba, Vladimir"]
[Result "1/2-1/2"]
[WhiteElo "2226"]
[BlackElo "2195"]
[PlyCount "84"]
[EventDate "2016.10.09"]
[EventType "team-tourn"]
[EventRounds "11"]
[EventCountry "CZE"]
[SourceTitle "EXT 2022"]
[Source "ChessBase"]
[SourceDate "2021.10.06"]
[SourceVersion "1"]
[SourceVersionDate "2021.10.06"]
[SourceQuality "1"]
[WhiteTeam "Decin"]
[BlackTeam "Teplice"]
[WhiteTeamCountry "CZE"]
[BlackTeamCountry "CZE"]

1. d4 Nf6 2. Bg5 e6 3. Nf3 Be7 4. c4 d5 5. Nc3 c6 6. e3 Nbd7 7. Bd3 0-0 8. 0-0 dxc4 9. Bxc4 b5 10. Bd3 Bb7 11. a4 b4 12. Bxf6 Nxf6 13. Ne4 Qd5 14. Nxf6+ gxf6 15. Nd2 c5 16. Be4 Qd7 17. Qf3 Bxe4 18. Nxe4 cxd4 19. Rad1 f5 20. Rxd4 Qc7 21. Ng3 Rad8 22. Nh5 Qe5 23. Rfd1 Kh8 24. Qg3 Qxg3 25. hxg3 Rxd4 26. Rxd4 Rd8 27. Rxd8+ Bxd8 28. b3 e5 29. Kf1 h6 30. e4 fxe4 31. g4 Bh4 32. Ke2 Kh7 33. Ke3 Kg6 34. g3 Be7 35. Kxe4 f5+ 36. Kxe5 fxg4 37. Nf4+ Kg5 38. Ke4 Bd6 39. Ne2 Bc5 40. f4+ gxf3 41. Kxf3 Kf5 42. Nf4 Bd6 1/2-1/2